|
|
|
|
| LEADER |
00873nam a22002657i 4500 |
| 001 |
001951200 |
| 003 |
CZ BrMZK |
| 005 |
20251017141415.0 |
| 007 |
ta |
| 008 |
251017s1902 ne er|||||||||||ger d |
| 040 |
|
|
|a BOA001
|b cze
|e rda
|
| 100 |
1 |
|
|a Waegner, Anton
|4 aut
|
| 245 |
1 |
4 |
|a Die Neuentdeckungen auf dem Gebiete der chmischen Grundstoffe seit 1888 /
|c von Anton Waegner
|
| 264 |
|
1 |
|a Cöthen :
|b Verlag der Chemiker-Zeitung,
|c 1902
|
| 300 |
|
|
|a 14 stran ;
|c 22 cm
|
| 336 |
|
|
|a text
|b txt
|2 rdacontent
|
| 337 |
|
|
|a bez média
|b n
|2 rdamedia
|
| 338 |
|
|
|a svazek
|b nc
|2 rdacarrier
|
| 504 |
|
|
|a Obsahuje bibliografické odkazy
|
| 787 |
0 |
8 |
|i Separát z:
|t Chemiker-Zeitung,
|g 1902, 26, no. 93
|
| 910 |
|
|
|a BOA001
|b 2-0151.162
|
| 990 |
|
|
|a BK
|
| 993 |
|
|
|a Y
|
| 991 |
|
|
|b 202510
|
| 996 |
6 |
|
|b BC-2605585
|c 2-0151.162
|l MZK
|r Sklad / do 24 hodin
|n 0
|w 002022165
|u 000010
|a 1
|e BOA001
|j MZK50
|s P
|